Economic Developmnt in Africa Report 2021 : Reaping the Potential Benefits of the African Continental Free Trade Area for Inclusive Growth.

Bibliographic Details
Format: Book
Published: Geneva: United Nations, 2021.
Subjects:
LEADER 00677cam a2200205 7i4500
001 0000036820
005 20220127090000.0
007 ta
008 220126
020 |a 9789211130041  
040 |a MATR 
090 0 0 |a AFRI 338.96   |b AFR 
245 0 4 |a Economic Developmnt in Africa Report 2021 :   |b Reaping the Potential Benefits of the African Continental Free Trade Area for Inclusive Growth. 
264 1 |a Geneva:   |b United Nations,   |c 2021. 
300 |a 204 pages:   |b illustrations;   |c 28 cm. 
336 |a text  |2 rdacontent 
337 |a unmediated  |2 rdamedia 
338 |a volume  |2 rdacarrier 
650 0 |a Free trade --   |z Africa  
999 |a 0000041641  |b Book  |c Regions  |e Business Information Centre